1152 1828 1225 1786 1248 1850 1107 1777 1303 1139 1455 1762 1565 1128 1147 1518 1889 1055 1591 1460 1017 1324 1768 1334 1660 1848 1380 1797 1321 1833 1478 1769 1696 1481 1666 1125 1250 1808 1551 1088 1616 1324 1545 1943 1045 1336 1126 1891 1930 1109 1312 1278 1684 1580 1229 1444 1605 1842 1891 1016 1560 1460 1458 1508 1721 1983 1852 1595 1348 1771 1844 1422 1984 1599 1048 1811 1968 1294 1620 1813 1420 1373 1057 1809 1143 1983 1794 1436 1669 1652 1649 1326 1733 1042 1423 1694 1651 1116 1035 BCNSPRNW ULIB Ver.6.0+V

เปลี่ยนเป็นภาษาไทย

Change to English
 แสดงรายละเอียดบรรณานุกรม
  กลับหน้าหลัก

Brief Record : Get Marc (ISO 2709) : E-mail record : QR code < ปิดหน้าต่าง
LEADER : 00000nam 2200000uu 4500
001    13399126436
003     ULIB
008    180916s2018||||th 000 0 tha d
020    ^a9781496351364
060    ^aWY86^bL913L
100    ^aLucy Hood RN, DNSc
245    ^aLeddy & Pepper s Professional Nursing
250    ^a9th ed
260    ^aPhiladelphia :^bWolters Kluwer,^c2018
300    ^a610 pages;^b26 cm
650    ^aNursing Theory
650    ^aNursing-trends
945    ^p0^l0^i26638
999    ^aกัณชพร จุลอักษร
รายการนี้ยังไม่มีแท็ก
คุณยังไม่ได้ล็อกอิน คุณสามารถมีกิจกรรมร่วมกับเว็บไซต์ได้ แต่ต้องล็อกอินก่อน ::
  ล็อกอิน

รายการสื่อสารสนเทศ

ลำดับที่ ประเภท เลขเรียก/บาร์โค้ด สถานที่ สถานะ
1. หนังสือสำรอง
หนังสือสำรอง
WY86 L913L ฉ.1 
  Barcode: 26638
ห้องสมุดวิทยาเขตนครสวรรค์
►หนังสือทั่วไป:l:General Books
บนชั้น

รายการใกล้เคียง
    ชื่อเรื่อง [Leddy & Pepper s Professional Nursing]

    ผู้แต่ง [Lucy Hood RN, DNSc]

    หัวเรื่อง [Nursing Theory]
    หัวเรื่อง [Nursing-trends]

BibComment


ยังไม่เคยถูกคอมเมนท์

คอมเมนท์ทรัพยากรรายการนี้
  คอมเมนท์: Leddy Pepper s ..


 Copyright 2026. Bcnsprnw @Library